000 00393nam a2200157Ia 4500
005 20240807062538.0
008 240806s9999||||xx |||||||||||||| ||eng||
041 _aeng
082 _a720.954
_bCHAA
100 _aChatterjee Nandalal
245 4 _aThe architectural glories of delhi /
260 _bAlpha Publishing Concern Calcutta
300 _a91
650 _aAnc. History
942 _cBK
999 _c22087
_d22087